000 00186nam a2200085 4500
001 1257552
005 20260216133211.0
245 _aökkeş işportacı
_cmuzaffer izgü
260 _bözyürek
999 _c1257552
_d1257552